| 000 | 00803nam a22001817a 4500 | ||
|---|---|---|---|
| 008 | 110720t2003 xxu||||g |||| 000 0 ara d | ||
| 020 | _a9772793903 | ||
| 082 |
_222 _a690.5822 _bم ر غ |
||
| 100 |
_926366 _aكير، وولتر |
||
| 245 |
_aالملهاة و المأساة / _cتأليف :وولتر كير؛ ترجمة : عبد الرحمن أمين مرغلانى |
||
| 260 |
_aالقاهرة: _bدار الأمين للنشر و التوزيع،2003. _c2003. |
||
| 300 |
_a367 ص. _c24 سم. |
||
| 650 |
_914915 _aالمسرح |
||
| 653 |
_bGeneral _cJuly2011 |
||
| 700 |
_926365 _a؛مرغلانى،عبد الرحمن أمين _cمترجم |
||
| 942 |
_2ddc _cBB |
||
| 999 |
_c15714 _d15714 |
||